000
00484nam a2200181Ia 4500
008
090630s9999 xx 000 0 und d
082
_b
16765
100
_a
पै शिरीष.
245
_a
कोलाज.
_c
पै शिरीष.
260
_b
मेहता.
300
_a
0
600
_a
पै शिरीष.
630
_a
कोलाज.
655
_a
लघुकथा.
700
_a
पै शिरीष.
730
_a
कोलाज.
942
_c
BOOK
999
_c
268621
_d
268621